000 00478nam a2200169Ia 4500
008 180921t2020 xxu||||| |||| 00| 1 sin d
041 _asin
080 _aX8C31
_bLOK
100 _aLokugamage, Tharindu Sri
245 _aජීවිතයේ ඔයිල් පැල්ලම්
246 _aJeewathaye Oil Pellam
260 _bSayura Prakashana
_aKiriwaththuduva
_c2020
300 _a354p., 21cm
942 _cBK
999 _c7732
_d7732
003 LK-CoDNM
040 _aLK-CoDNM
_dLK-CoDNM
_eLK-CoDNM